{"text_format":"3","workbook":"xls","n_sheets":4,"sheets":["大宴会厅扩声方案","370-450平扩声方案","580平扩声方案","825平扩声方案"],"not_rendered":{"images":76},"read":"whole","date_system":"1900","formulas":"cached_only"}

{"sheet":"大宴会厅扩声方案","index":0,"n_rows":37,"n_cols":10,"rows_kept":37,"merged":[[0,0,0,5],[0,6,0,9],[2,0,2,9],[22,1,22,7],[23,0,23,9],[35,1,35,7],[36,0,36,7]],"flags":["formulas_cached_only"]}
["宴会厅灯光音响方案"]
["序号","设备名称","品牌","型号","技术参数","单位","数量","单价","小计","类似图"]
["一、扩声系统"]
[1,"双10寸线阵音箱","YYAUDIO","LA210","频率响应   55Hz-18kHz\n单元组成   2×10\"(250mm)/3\" voice coil LF\n2×1\"(25mm)/1.7\" voice coil HF\n额定功率   500W RMS,2000W peak\n灵敏度   101dB 1watt/1 metre\n声压级   128 dB continuous,134 dB peak\n额定阻抗   8 ohms nominal\n指向性   Horizontal coverage：100°Vertical coverage：Varies,depending on array length and configuration\n分频点   800Hz, 2.1kHz passive\n输入方式   2×Speakon NL4\n包装尺寸   1030mm×535mm×880mm(Flight case/Pair) 560mm×415mm×1070mm\n净重   45 kg/pc","只",12,8050,96600]
[2,"双15寸线阵低音音箱","YYAUDIO","LA215S","LA215S是一款双15\"超低音箱。采用两只15\" 100芯低音单元，直射式箱体设计，吊挂系统采用最新人体工程学和机械设计，与LA210灵活配合，提升低频表现，箱体采用多层复合夹板，水性环保喷涂制作。\n●高质量单元配置，高强度夹板箱体\n●直射式设计、低音丰富自然\n●超长品质保证期：品质与信心的保证●配合LA210线性阵列系统，增加低音表现\n●体育场馆、中小型演出系统\n●剧院、音乐厅、演艺中心、会议中心\n\n\n\n频率响应 35Hz-300Hz单元组成 2×15\"(385mm)/4\"voice coil LF额定功率 1200W RMS,4800W peak灵敏度 102dB 1watt/1 metre声压级 132 dB continuous,138 dB peak额定阻抗 4 ohms nominal输入方式 2×Speakon NL4包装尺寸 1004m×684mm×700mm(Flight case/pc) 1052mm×732mm×570mm净重 69.3 kg/pc毛重 71.3 kg/pc","只",2,9300,18600]
[3,"双18寸带通超低音箱 ","YYAUDIO","YA218B","频率响应   35Hz-150Hz\n单元组成   2×18＂(460mm)/4＂voice coil LF\n额定功率   1200W RMS,4800W peak\n灵敏度   102dB 1watt/1 metre\n声压级   132dB continuous,138 dB peak\n额定阻抗   4 ohms nominal\n输入方式   2×Speakon NL4\n包装尺寸   1160mm×925mm×675mm\n净重   86.5 kg/pc","只",2,8650,17300]
[4,"返听音箱","YYAUDIO","YA12","频率响应   50Hz-18kHz\n单元组成   1×12\"(300mm)/3\" voice coil LF\n1×1\"(25mm)/1.7\" voice coil HF\n额定功率   300W RMS,1200W peak\n灵敏度   97dB 1watt/1 metre\n声压级   122dB continuous,128 dB peak\n额定阻抗   8 ohms nominal\n指向性   80°x 50°\n分频点   2kHz passive\n输入方式   2×Speakon NL4\n包装尺寸   480mm×465mm×725mm\n净重   20 kg/pc","只",4,2535,10140]
[5,"线阵主音4*1400W功放","YYAUDIO","UA2000","1000W×2/8Ω 1750W×2/4Ω\n频响：20Hz-20kHz(+0/-1dB)\n总谐波失真：≤0.15％\n信噪比：≥100dB\n阻尼系数：≥500\n转换速率：≥10V/μs\n输入灵敏度：0.775V/1.0V/32dB\n输入阻抗：20kΩ/10kΩ\n电压增益（8Ω时）：36.0dB\n功放拓扑类别：ClassD\n冷却：Air flow from front to  rear\n","台","6",4200,25200]
[6,"次低功放","YYAUDIO","UA3000","1500W×2/8Ω  2500W×2/4Ω\n频响：20Hz-20kHz(+0/-1dB)\n总谐波失真：≤0.15％\n信噪比：≥100dB\n阻尼系数：≥500\n转换速率：≥10V/μs\n输入灵敏度：0.775V/1.0V/32dB\n输入阻抗：20kΩ/10kΩ\n电压增益（8Ω时）：36.0dB\n功放拓扑类别：ClassD\n冷却：Air flow from front to  rear\n","台","1",6820,6820]
[7,"超低功放","YYAUDIO","UA3000","1500W×2/8Ω  2500W×2/4Ω\n频响：20Hz-20kHz(+0/-1dB)\n总谐波失真：≤0.15％\n信噪比：≥100dB\n阻尼系数：≥500\n转换速率：≥10V/μs\n输入灵敏度：0.775V/1.0V/32dB\n输入阻抗：20kΩ/10kΩ\n电压增益（8Ω时）：36.0dB\n功放拓扑类别：ClassD\n冷却：Air flow from front to  rear\n","台","1",6820,6820]
[8,"返听功放","YYAUDIO","UA1200","500W×2/8Ω  850W×2/4Ω\n频响：20Hz-20kHz(+0/-1dB)\n总谐波失真：≤0.15％\n信噪比：≥100dB\n阻尼系数：≥500\n转换速率：≥10V/μs\n输入灵敏度：0.775V/1.0V/32dB\n输入阻抗：20kΩ/10kΩ\n电压增益（8Ω时）：36.0dB\n功放拓扑类别：ClassD\n冷却：Air flow from front to  rear\n","台","2",2900,5800]
[9,"32路调音台","Soundcarft","LX10 32","真实七组母线设计，GB30最新技术的应用，令LX在保留原有技术及风格的基础上更进一步，\n成为新一代中型调音台的典范。全新的技术应用，提供无与论比的声音特性；完善的功能设计，\n适合各种中小型场所的现场调音，其录音设计功能亦可兼作演播室应用。\n•三种规格，16、24 和32路通道\n•GB30话筒前置放大器和精确的均冲电路\n•真正的7母线结构\n•2组立体声输入，2组立体声返回\n•通道直接输出\n•方便的对讲通话\n•100mm行程的推子（衰减器）\n•四路一组的+48V幻象供电开关选择\n•6组AUX辅助输出，其中4组AUX可选择推子前或推子后\n•18dB/倍频程陡峭的高通滤波器\n•插入点可加插在总输出或分组输出通道\n•12段LED电平显示器\n•PSU内置电源\n频率响应:XLR输入到任何输出+0/–1dB，20Hz – 20kHz\n总谐波失真和噪声:全部测量在+10dB输出和30dB增益的状态\nXLS输入到直接输出<0。007%，1kHz\nXLS输入到混音输出<0。007%，1kHz\n话筒输入端的等效输入噪声（E.I.N.)22Hz – 22kHz带宽，不卓权，–128dBu（150Ω声源阻抗）\n话筒增益:最小5dB\n最大:60dB\n母线噪声:最大输出，输入推子 – 最大，混音推子0dB\n32通道–85du\n16通道<–88dBu\n编组输出，输入推子–最大，编组推子0dB\n32通道–85du\n16通道<–88dBu\n辅助输出，输入推子– 最大，辅助控制0dB\n32通道–88du\n16通道<–91dB\n通道间串音@1kHz 输入通道哑音>98dB\n输入推子间的距离>98dB\n输入声像电位器隔离>82dB\n混音路由隔>98dB\n编组路由隔离>98%\n邻近通道隔离>100dB\n编组–混音串音<84dB\n辅助发送切断<–94dB\n共模抑制比（CMRR）单声道输入，在最高增益时测量：典型值80dB@1kHz\n输入和输出电平输入通道话筒输入无穷大+15dBu\n输入通道线路输入最大+30dBu\n立体声输入和插入回传最大+20dBu\n全部输出最大+20dBu\n一般操作电平0dBu；耳机功率：2x250mW，200Ω耳机\n输入和输出阻抗话筒输入2kΩ\n线路输入>10kΩ\n输入通道插入回传5kΩ（用EQ输入，否则最差的情况为1.8kΩ）\n混音、编组和辅助输出150Ω\n插入发送75Ω\n推荐耳机阻抗50–600Ω\n高通滤波器（单声道输入）100Hz，每倍频程18dB斜率\nEQ（单声道输入）HF±15dB，2阶斜率特性\nHi–Mid 550Hz–13kHz，±15dB，q=1\nLo–Mid 80Hz–1.9kHz，±15dB，2阶斜率特性\n指示灯 6条3色12段LED发光柱\n电源消耗交流电源（内置PSU）85v–270V，50Hz–60Hz通用输入\n耗电小于50W\n工作条件温度范围-10° ～ +30°C\n相对湿度0% ～ 80%\n重量 25.4kg\n尺寸1059 x 503 x 164mm","台",1,13800,13800]
[10,"4进8出数字音频处理器","EQ Acoustics","Intelli-X48","32位DSP SHARC芯片处理，96kHz采样率，24bit AD/DA转换。\n>\n输入处理部分包含高切，低切，6个参量均衡，31段图示均 衡，噪声门，增益，静音，相位，延时，连动调节等处理功能。\n>\n输出处理部分包含分频，9个参量均衡，增益，静音，压缩器，限幅器，相位，延时，连动调节等处理单元。\n>\n所有通道的PEQ增益、带宽、频率连续可调，类型可选择: 参量均衡、低架滤波、高架滤波、低切滤波、高架滤波、移相1阶、移相2阶。\n>\n所有输入输出之间可以自由进行矩阵式分配，且每个输入输出通道名称可以更改。\n>\n所有输入输出通道带独立的相位曲线调整功能，在PEQ类型选择移相1阶是180度曲线调整，移相2阶是360度曲线调整。\n>\n所有高切、低切滤波器，分频器的类型可选择：巴特沃斯、林奎瑞利、贝塞尔，斜率在-6dB/Oct至-48dB/Oct可选。\n>\n输出通道的软压缩阀值，比率，启动时间，恢复时间连续可调。峰值限幅器的阀值，比率，启动时间，恢复时间连续可调。\n>\n所有输入输出通道的延时模块都具有高达680ms的延时时间。\n>\n任意通道之间参数设置可以自由复制，以及任意通道可以进行连动调节。\n>\n可在任意一个输入或输出通道时看到当前所有的输入或输出通道的PEQ曲线调整图。\n>\n内置测试信号发生器，输出方式可选粉红噪声，白噪声及20Hz-20kHz正弦波可调，信号幅度可调。\n>\n前面板带有输入输出电平指示灯、USB控制端口，后面板232 &485控制端口，以及以太网连接远程控制端口，一键式连机使得用户的操作更简易、快捷。\n>\n31个用户预设，整机状态和每个预设都可以单独存储和调用。Id设置功能可以级联控制255台机器，还具有密码保护功能，使设备更安全。\n","台",1,6620,6620]
[11,"单通道无线话筒头戴套装","beyerdynamic","TG 534","套装包含TG500SR单通道接收机、TG500B腰包发射机、TG H34头戴话筒,无线工作频带606–636 MHz；接收机为 1U 9.5\"金属机身，背光液晶显示屏,包装内含可拆卸短天线、电源适配器、机架安装配件；动态范围 106dB；最大输出电平 +5dBu；频率响应45-15kHz；导频功能；1个XLR输出接口，1个1/4\"jack输出接口。腰包发射机采用液晶显示屏，红外同步, 包装内含2付背夹/收纳包/2节AA电池；增益3档可调 ；发射功率 10mw/50mw；充电接口，可选配WA-CD充电器使用；最远可达120米使用距离；2节AA电池可使用约10小时。头戴话筒为超心形指向，黑色，频率响应20-13kHz。","套",2,4600,9200]
[12,"单通道无线话筒人声套装","Beyerdynamic","TG 550","套装包含TG500SR单通道接收机、TG500H-D手持话筒,无线工作频带606–636 MHz；接收机为 1U 9.5\"金属机身，背光液晶显示屏,包装内含可拆卸短天线、电源适配器、机架安装配件；动态范围 106dB；最大输出电平 +5dBu；频率响应45-15kHz；导频功能；1个XLR输出接口，1个1/4\"jack输出接口。手持发射机采用液晶显示屏，红外同步, 包装内含收纳包/2节AA电池；增益2档可调 ；发射功率 10mw/50mw；充电接口，可选配WA-CD充电器使用；最远可达120米使用距离；2节AA电池可使用约10小时。话筒头为TG V50动圈心形指向。","套",4,4300,17200]
[13,"监听音箱","JBL","LSR305","双放大驱动的参考监视器\n线性空间参考扬声器的设计\n双41w D类放大器\n长投5“低频低音\n钕1“高频扬声器\n平衡式XLR和1 / 4“TRS输入\n低和高频率微调开关\n图像控制波导技术\n滑移流的低频接口设计\n可选的输入灵敏度开关\nJBL lsr305 5”两种方式供电的演播室监视器是一个双扩增参考监视器与磁屏蔽5“低频换能器1“软球顶高频率传感器。监控特点JBL的图像控制波导技术，精确的音频再现。它还具有JBL的滑移流口设计改进的低音响应。的lsr305配有LF装饰开关和高频微调开关，以及双41w D类放大器用于驱动。确保灵活的连接，JBL包括平衡XLR输入和平衡的1 / 4“TRS输入，这两个特征影响了液位控制。其他功能还包括JBL的LSR（线性空间参考）的准确的声音再现和一个可选的输入灵敏度开关，确保一系列信号源兼容的扬声器的设计。\n图像控制波导技术\n图像控制波导了JBL的旗舰平方米的主引用监视器和已列入lsr305。正在申请专利的设计图像控制波导的精确控制声音来自在垂直和水平平面，确保在聆听位置的表现是中性的，准确的扬声器。\nJBL换能器\n显示器的长冲程低音单元和阻尼机织复合材料钕高音都是设计用来再现强大的瞬变和混合物的微观动力学。这些驱动程序提供的深沉的低音和准确的高频率响应超出人类听觉范围。\nJBL的专利滑流低频接口设计\nJBL的专利滑流低频端的设计作品与低音演唱会在所有的播放水平产生深沉的低音响应。双喇叭形状的港口正是专为更大的低频延伸而降低湍流。\nD类放大器的效率\n的lsr305的有效41w D类放大器提供足够的电力来提供输出和动态净空要求最苛刻的生产方式的需要。\n专业的平衡输入\n平衡式XLR和1 / 4“（6.35mm）TRS输入给你你需要连接lsr305任何信号源的同时保持专业的信号质量的选项。\n可选的输入灵敏度\n- 10dB / + 4dB灵敏度开关保证与范围广泛的信号源的兼容性，允许你连接lsr305高输出专业齿轮没有输入过载的危险吗。\nLF和HF修剪修剪开关\nLF（低频）装饰和HF（高频）调整开关使你在lsr305的声音在你的房间里最大的控制。使用这些开关调整低音和高音你听到弥补房间的声学量，节目内容和你的个人品味。\n100小时功率试验\n成为一个生产就绪的设计之前，每个lsr305模型进行的JBL的严格的100小时功率测试，在扬声器发挥是需要不断在全输出100小时无故障。这个测试以确保所有lsr305演讲者将提供可靠的性能年。","只",1,1250,1250]
[14,"电源时序器","声准","1018B","空气开关输入接口，方便电力的接入和控制，满足感性负载，耐涌浪冲击；\n30A大电流控制继电器输出，多用途插座；\n标准USB接口灯具辅助照明配置\n待机、运行、全部旁通、单独通道旁通全功能；\n采用SMT、AI、ICT全自动生产和测试技术，保证标准化生产和产品的一致性；\n电力条件：单相3线\n电力线接入端口方式：单相两刀动力型空气开关\n时序通道数量：8通道可输出通道数\n输入最大电流容量：63A(AC220V)\n每通道最大输出电流容量：30A/60s或10Arms\n时序控制每步时间间隔：1sec\nUSB灯座最大输出电压/电流：5V/50mA\n \n功能与使用\n前面板指示功能 \n电源开、待机、运行、全部旁通、单独通道旁通\n前面板使用功能 \n时序电源开关、USB灯电源开关和接口、全部旁通选择、单独通道旁通选择、多功能电源插座\n后面板使用功能 \n接入电力总输入开关和接口、时序电源输出插座、联机输入输出插座\n保护功能 \n空气开关过流自动断路功能\n尺寸/重量 \n产品外形尺寸 (宽x 深x 高) (mm) \n483x26044.5(1U)\n外包装尺寸(宽x 深x 高) (mm) \n560425x80\n净重 \n5.2kg\n毛重 \n5.6kg\n电源 \nAC220V±10% 50~60Hz\n重量：7.3kg","台",2,650,1300]
[15,"线阵吊架",{"$nulls":3},"副",2,1600,3200]
[16,"接插件",null,null,"卡农线、接插件、音响头等","批",1,500,500]
[17,"网络机柜",null,null,"36U","台",1,null,null,"建议自备"]
[18,"控制台",null,null,"定制","套",1,null,0,"建议自备"]
[19,"音箱线",null,null,"2*3平方","米",200,8,1600]
[20,"合计",{"$nulls":6},241950]
["二、灯光系统"]
[1,"230W光束灯","KELEK","KA054"," 国际标准DMX512信号控制。\n·灯泡：欧司朗投影灯泡      功率：300W     光通量为59500lm，色温5600-8000K。\n·颜色盘:14+1个色片组成，\n·图案盘:17+1个图案效果。\n 可更换图案盘，高速摆动效果，一个雾化，一个八棱镜，可正反方向旋转\n 并具有棱镜定位功能。调焦，液晶显示屏。\n·采用光电复位系统，当偶然发生误动后，可自动检索复位。\n光学器件：组合式透镜，变焦0-3.9度， 电子聚焦20米处\n水平扫描：540度（16bit精度扫描）\n垂直扫描：280度（16bit精度扫描）\n尺寸：410mm*310mm*490mm\n包装尺寸：465mm*380mm*550mm\n净重：17Kg\n毛重：19.8Kg","台",12,3050,36600]
[2,"四合一36颗LED染色灯","KELEK","KE085","源：AC90-240V 50-60Hz\n功率：360W\n光源：36颗10W的红绿蓝白四色合一\nLED灯珠      通道:14通道\n颜色：红、绿、蓝、白无极混色、\n渐变效果\n功能：频闪, 变焦功能，可调角度10-40°\n水平： 540°，微调16bit \n垂直 ：240° ，微调16bit\n水平/垂直速度调整，16个DMX信号通道\n灯具复位功能\n控制方式：声控、自走、主从, DMX512\n外观结构：LCD显示; 3芯卡侬插头插座\n尺寸：460*430*510 mm\n毛重：10 kg","台",6,2800,16800]
[4,"3W54颗LED帕灯","KELEK","KE046B","输入电压：AC90-245V/50-60 Hz 功率：180W\n光源：54颗3W灯珠（R12、G18、B18、W6）\n 光源寿命:6-10万小时 \n颜色:1670万种颜色变化 \nLED 角度：15℃，25℃，45℃（可供选择）\n控制:DMX512、主从控制、自走 通道: 4CH/8CH通道（数码显示）\n特征：电源、信号手拉手连接安装\n双支架提手，可自支撑，可悬挂\n分体设计，机身全铸铝，温度保护，安全可靠\n功能：可编制梦幻、混色、迷人的效果\n净重：2.5Kg   毛重：3Kg\n内包装尺寸：250mm*230mm*340mm\n外包装尺寸：250mm*250mm*360mm\n(四台一装）","台",30,500,15000]
[5,"100WLED面光灯","KELEK","KE153","光源：100W LED进口灯珠\n总功率：140W\n透镜角度：60°\n频闪：1-10次/每秒\n模式：DMX512，自走、主从\n通道：6个DMX通道\n操作非常简单，人性化设计，调光无闪烁、抖动现象等。可适应摄影，照相、电视台等对灯光要求严格的场合。\n尺寸：21.5*21.5*31CM\n净重：3KG","台",8,580,4640]
[6,"1500W薄雾烟机","KELEK","KI022 ","是一款烟雾输出量较大的烟机,能迅速制造大量的薄薄烟雾飘散在空中,灯光可轻松透过。这款机器有两种风力输出模式,即室内和室外模式,室外模式有较大的风噪,但可以将烟雾送到更远的地方,按动开关可选择室内模式,可降噪音。采用了LCD控制器,设置方便,可定时定量工作并且可以调节烟雾输出大小,也可以使用DMX控台,第一次加热完毕后,使用50%以下输出量时，这款烟机能够长时间连续使用，很少有水气冷凝。\n使用电压：AC 220V-240V \n50/60HZ\n保险丝：7A/250V\n功率：1500W\n预热时间：8min\n输出烟量：35000cuft/min\n油桶容积：3L\n耗油量：200min/L控制器：K-4\n重量：15KG\n包装尺寸：648/402/348mm","台",1,1950,1950]
[7,"8路信号放大器","KELEK","KK013A","电压：220v\n信号：DMX512国际标准控制信号一进八出，采用采用最新光电隔离技术，达到国际先进水平，输入输出每路都是采用独立的变压器供电\n功能：DMX信号转接和放大功能\n适用3针或5针插头\n净重：1.6Kg\n毛重：1.8Kg\n产品尺寸：480*60*130mm\n包装尺寸：530*150*130mm","台",1,600,600]
[8,"阳光512控台","KELEK","KK005","电源:AC 100--240V  50--60Hz\nDMX512数码输出，512DMX控制通道\n2个光隔离独立驱动信号输出端口\n可控制32台16通道电脑灯\n1600个走灯程序步储存容量。48个走灯程序，每程序最多100步。每步速度、渐变参数独立设置。可选音乐同步或手动速率控制\n可同蠕动4个走灯程序、48个场景，并可同时对32台电脑灯进行探照灯操作。亲机数据保持DMX信号输出连接器;XLR-3F x 2\n可选配12V鹅劲工作灯\n尺寸：483mm x400mm x105mm","台",1,2200,2200]
[9,"信号线",{"$nulls":3},"米",100,5,500]
[10,"电源线",null,null,"4*3平方","米",100,5,500]
[11,"接插件",null,null,"灯钩、卡农头、木插等","批",1,500,500]
[12,"灯光桁架",{"$nulls":3},"批",1,null,0,"自备"]
[13,"    合计",{"$nulls":6},79290]
["总计",{"$nulls":7},321240,"以上报价不含税不含运费不含安装调试费，增值税加10%"]

{"sheet":"370-450平扩声方案","index":1,"n_rows":32,"n_cols":10,"rows_kept":32,"merged":[[0,0,0,5],[0,6,0,9],[2,0,2,9],[19,1,19,7],[20,0,20,9],[30,1,30,7],[31,0,31,7]],"flags":["formulas_cached_only"]}
["370-450平灯光音响方案"]
["序号","设备名称","品牌","型号","技术参数","单位","数量","单价","小计","类似图"]
["一、扩声系统"]
[1,"15寸主音箱","YYAUDIO","YA15","频率响应   40Hz-18kHz\n单元组成   1×15\"(385mm)/3\" voice coil LF\n1×1\"(25mm)/1.7\" voice coil HF\n额定功率   400W RMS,1600W peak\n灵敏度   98dB 1watt/1 metre\n声压级   124dB continuous,130dB peak\n额定阻抗   8 ohms nominal\n指向性   80°x 50°\n分频点   2.2kHz passive\n输入方式   2×Speakon NL4\n包装尺寸   560mm×525mm×800mm\n净重   29.4 kg/pc","只",2]
[2,"12寸补声音箱","YYAUDIO","YA12","频率响应   50Hz-18kHz\n单元组成   1×12\"(300mm)/3\" voice coil LF\n1×1\"(25mm)/1.7\" voice coil HF\n额定功率   300W RMS,1200W peak\n灵敏度   97dB 1watt/1 metre\n声压级   122dB continuous,128 dB peak\n额定阻抗   8 ohms nominal\n指向性   80°x 50°\n分频点   2kHz passive\n输入方式   2×Speakon NL4\n包装尺寸   480mm×465mm×725mm\n净重   20 kg/pc","只",6]
[3,"单18寸低音音箱","YYAUDIO","YA18B","频率响应   35Hz-150Hz\n单元组成   1×18＂(460mm)/4＂voice coil LF\n额定功率   600W RMS,2400W peak\n灵敏度   100dB 1watt/1 metre\n声压级   128dB continuous,134 dB peak\n额定阻抗   8 ohms nominal\n输入方式   2×Speakon NL4\n包装尺寸   835mm×645mm×750mm\n净重   49.6 kg/pc","只",2]
[4,"返听音箱","YYAUDIO","YA12","频率响应   50Hz-18kHz\n单元组成   1×12\"(300mm)/3\" voice coil LF\n1×1\"(25mm)/1.7\" voice coil HF\n额定功率   300W RMS,1200W peak\n灵敏度   97dB 1watt/1 metre\n声压级   122dB continuous,128 dB peak\n额定阻抗   8 ohms nominal\n指向性   80°x 50°\n分频点   2kHz passive\n输入方式   2×Speakon NL4\n包装尺寸   480mm×465mm×725mm\n净重   20 kg/pc","只",2]
[5,"主扩功放","YYAUDIO","UA1600","700W×2/8Ω 1250W×2/4Ω\n频响：20Hz-20kHz(+0/-1dB)\n总谐波失真：≤0.15％\n信噪比：≥100dB\n阻尼系数：≥500\n转换速率：≥10V/μs\n输入灵敏度：0.775V/1.0V/32dB\n输入阻抗：20kΩ/10kΩ\n电压增益（8Ω时）：36.0dB\n功放拓扑类别：ClassD\n冷却：Air flow from front to  rear\n","台","1"]
[6,"补声功放","YYAUDIO","UA1200","500W×2/8Ω  850W×2/4Ω\n频响：20Hz-20kHz(+0/-1dB)\n总谐波失真：≤0.15％\n信噪比：≥100dB\n阻尼系数：≥500\n转换速率：≥10V/μs\n输入灵敏度：0.775V/1.0V/32dB\n输入阻抗：20kΩ/10kΩ\n电压增益（8Ω时）：36.0dB\n功放拓扑类别：ClassD\n冷却：Air flow from front to  rear\n","台","3"]
[7,"超低功放","YYAUDIO","UA2000","1000W×2/8Ω 1750W×2/4Ω\n频响：20Hz-20kHz(+0/-1dB)\n总谐波失真：≤0.15％\n信噪比：≥100dB\n阻尼系数：≥500\n转换速率：≥10V/μs\n输入灵敏度：0.775V/1.0V/32dB\n输入阻抗：20kΩ/10kΩ\n电压增益（8Ω时）：36.0dB\n功放拓扑类别：ClassD\n冷却：Air flow from front to  rear\n","台","1"]
[8,"返听功放","YYAUDIO","UA1200","500W×2/8Ω  850W×2/4Ω\n频响：20Hz-20kHz(+0/-1dB)\n总谐波失真：≤0.15％\n信噪比：≥100dB\n阻尼系数：≥500\n转换速率：≥10V/μs\n输入灵敏度：0.775V/1.0V/32dB\n输入阻抗：20kΩ/10kΩ\n电压增益（8Ω时）：36.0dB\n功放拓扑类别：ClassD\n冷却：Air flow from front to  rear\n","台","1"]
[9,"16路带效果调音台","YAMAHA","MG16XU","●便携式14路输入.\n●2个编组设有独立输出端，使连接更灵活.\n●7段均衡，内置16种DSP效果\n●单独+48v幻想电源开关\n●MP3大屏播放器（支持SD卡）\n●高品质USB音乐播放器.\n●设2个辅助发送，方便扩展设备.1个效果发送，1个返回.\n●60mm长寿命高分析推子.","台",1]
[10,"4进8出数字音频处理器","EQ Acoustics","Intelli-X48","32位DSP SHARC芯片处理，96kHz采样率，24bit AD/DA转换。\n>\n输入处理部分包含高切，低切，6个参量均衡，31段图示均 衡，噪声门，增益，静音，相位，延时，连动调节等处理功能。\n>\n输出处理部分包含分频，9个参量均衡，增益，静音，压缩器，限幅器，相位，延时，连动调节等处理单元。\n>\n所有通道的PEQ增益、带宽、频率连续可调，类型可选择: 参量均衡、低架滤波、高架滤波、低切滤波、高架滤波、移相1阶、移相2阶。\n>\n所有输入输出之间可以自由进行矩阵式分配，且每个输入输出通道名称可以更改。\n>\n所有输入输出通道带独立的相位曲线调整功能，在PEQ类型选择移相1阶是180度曲线调整，移相2阶是360度曲线调整。\n>\n所有高切、低切滤波器，分频器的类型可选择：巴特沃斯、林奎瑞利、贝塞尔，斜率在-6dB/Oct至-48dB/Oct可选。\n>\n输出通道的软压缩阀值，比率，启动时间，恢复时间连续可调。峰值限幅器的阀值，比率，启动时间，恢复时间连续可调。\n>\n所有输入输出通道的延时模块都具有高达680ms的延时时间。\n>\n任意通道之间参数设置可以自由复制，以及任意通道可以进行连动调节。\n>\n可在任意一个输入或输出通道时看到当前所有的输入或输出通道的PEQ曲线调整图。\n>\n内置测试信号发生器，输出方式可选粉红噪声，白噪声及20Hz-20kHz正弦波可调，信号幅度可调。\n>\n前面板带有输入输出电平指示灯、USB控制端口，后面板232 &485控制端口，以及以太网连接远程控制端口，一键式连机使得用户的操作更简易、快捷。\n>\n31个用户预设，整机状态和每个预设都可以单独存储和调用。Id设置功能可以级联控制255台机器，还具有密码保护功能，使设备更安全。\n","台",1]
[11,"一拖二无线手持话筒","BBS","BS-T6","接收机\n\n• 射频稳定度：±0.005%(-10℃～50℃)\n\n• 信号信噪比：>105dB(1KHz-A)\n\n• 较大偏移度：±3KHz\n\n• 综合T.H.D ：<0.5%@1KHz\n\n• 较大输出电压：12dBV～15dBv\n\n• 实用灵敏度输入：6dBuV--10dBuV时，S/N>80dB\n\n• 接收方式：CPU控制选讯+导频识别接收\n\n• 静音方式：Mute & Lock Loop Circuit\n\n• 显示方式：LCD\n\n• 电源供应：8V DC，1200mA\n\n• 音频输出阻抗：2.2KΩ\n\n• 音频输出接口：2 XLR Balanced Socket+Unbalance TRS 6.3mm Socket\n\n• 四级功率调节4级较大，其后每级递减4dB（-4 -8 -12）\n\n• 频率范围：745MHz--785MHz\n\n• 频道总数：500/1000\n\n• 频率响应：50Hz～18KHz\n\n• 有效使用距离：100 feet\n\n• 频率间隔：80/40\n\n• 频率宽度：40MHz\n\n• 频率振荡模式：PLL相位锁定频率合成\n\n发射机\n\n• 频率振荡模式：PLL相位锁定频率合成\n\n• 发射方式：CPU控制载波生成+导频识别码生成\n\n• 谐波辐射：<-60dBc\n\n• 较大偏移度：±3KHz\n\n• 较大输出音压：140dB SPL\n\n• 显示方式：LCD +多色彩背光屏\n\n• 音头：动圈式\n\n• 四级功率调节4级较大，其后每级递减4dB（-4 -8 -12）","套",2]
[12,"电源时序器","声准","1018B","空气开关输入接口，方便电力的接入和控制，满足感性负载，耐涌浪冲击；\n30A大电流控制继电器输出，多用途插座；\n标准USB接口灯具辅助照明配置\n待机、运行、全部旁通、单独通道旁通全功能；\n采用SMT、AI、ICT全自动生产和测试技术，保证标准化生产和产品的一致性；\n电力条件：单相3线\n电力线接入端口方式：单相两刀动力型空气开关\n时序通道数量：8通道可输出通道数\n输入最大电流容量：63A(AC220V)\n每通道最大输出电流容量：30A/60s或10Arms\n时序控制每步时间间隔：1sec\nUSB灯座最大输出电压/电流：5V/50mA\n \n功能与使用\n前面板指示功能 \n电源开、待机、运行、全部旁通、单独通道旁通\n前面板使用功能 \n时序电源开关、USB灯电源开关和接口、全部旁通选择、单独通道旁通选择、多功能电源插座\n后面板使用功能 \n接入电力总输入开关和接口、时序电源输出插座、联机输入输出插座\n保护功能 \n空气开关过流自动断路功能\n尺寸/重量 \n产品外形尺寸 (宽x 深x 高) (mm) \n483x26044.5(1U)\n外包装尺寸(宽x 深x 高) (mm) \n560425x80\n净重 \n5.2kg\n毛重 \n5.6kg\n电源 \nAC220V±10% 50~60Hz\n重量：7.3kg","台",2]
[13,"接插件",null,null,"卡农线、接插件、音响头等","批",1]
[14,"网络机柜",null,null,"24U带操作台","台",1,null,null,"建议自备"]
[15,"控制台",null,null,"定制","套",1,null,null,"建议自备"]
[16,"音箱线",null,null,"2*3平方","米",200]
[17,"合计"]
["二、灯光系统"]
[1,"230W光束灯","KELEK","KA054"," 国际标准DMX512信号控制。\n·灯泡：欧司朗投影灯泡      功率：300W     光通量为59500lm，色温5600-8000K。\n·颜色盘:14+1个色片组成，\n·图案盘:17+1个图案效果。\n 可更换图案盘，高速摆动效果，一个雾化，一个八棱镜，可正反方向旋转\n 并具有棱镜定位功能。调焦，液晶显示屏。\n·采用光电复位系统，当偶然发生误动后，可自动检索复位。\n光学器件：组合式透镜，变焦0-3.9度， 电子聚焦20米处\n水平扫描：540度（16bit精度扫描）\n垂直扫描：280度（16bit精度扫描）\n尺寸：410mm*310mm*490mm\n包装尺寸：465mm*380mm*550mm\n净重：17Kg\n毛重：19.8Kg","台",4]
[2,"3W54颗LED帕灯","KELEK","KE046B","输入电压：AC90-245V/50-60 Hz 功率：180W\n光源：54颗3W灯珠（R12、G18、B18、W6）\n 光源寿命:6-10万小时 \n颜色:1670万种颜色变化 \nLED 角度：15℃，25℃，45℃（可供选择）\n控制:DMX512、主从控制、自走 通道: 4CH/8CH通道（数码显示）\n特征：电源、信号手拉手连接安装\n双支架提手，可自支撑，可悬挂\n分体设计，机身全铸铝，温度保护，安全可靠\n功能：可编制梦幻、混色、迷人的效果\n净重：2.5Kg   毛重：3Kg\n内包装尺寸：250mm*230mm*340mm\n外包装尺寸：250mm*250mm*360mm\n(四台一装）","台",12]
[3,"100WLED面光灯","KELEK","KE153","光源：100W LED进口灯珠\n总功率：140W\n透镜角度：60°\n频闪：1-10次/每秒\n模式：DMX512，自走、主从\n通道：6个DMX通道\n操作非常简单，人性化设计，调光无闪烁、抖动现象等。可适应摄影，照相、电视台等对灯光要求严格的场合。\n尺寸：21.5*21.5*31CM\n净重：3KG","台",6]
[4,"8路信号放大器","KELEK","KK013A","电压：220v\n信号：DMX512国际标准控制信号一进八出，采用采用最新光电隔离技术，达到国际先进水平，输入输出每路都是采用独立的变压器供电\n功能：DMX信号转接和放大功能\n适用3针或5针插头\n净重：1.6Kg\n毛重：1.8Kg\n产品尺寸：480*60*130mm\n包装尺寸：530*150*130mm","台",1]
[5,"阳光512控台","KELEK","KK005","电源:AC 100--240V  50--60Hz\nDMX512数码输出，512DMX控制通道\n2个光隔离独立驱动信号输出端口\n可控制32台16通道电脑灯\n1600个走灯程序步储存容量。48个走灯程序，每程序最多100步。每步速度、渐变参数独立设置。可选音乐同步或手动速率控制\n可同蠕动4个走灯程序、48个场景，并可同时对32台电脑灯进行探照灯操作。亲机数据保持DMX信号输出连接器;XLR-3F x 2\n可选配12V鹅劲工作灯\n尺寸：483mm x400mm x105mm","台",1]
[6,"信号线",{"$nulls":3},"米",100]
[7,"电源线",null,null,"4*3平方","米",100]
[8,"接插件",null,null,"灯钩、卡农头、木插等","批",1]
[9,"灯光桁架",{"$nulls":3},"批",1,null,null,"自备"]
[10,"    合计"]
["总计",{"$nulls":7},195214,"以上报价不含税不含运费不含安装调试费，增值税加10%"]

{"sheet":"580平扩声方案","index":2,"n_rows":30,"n_cols":10,"rows_kept":30,"merged":[[0,0,0,5],[0,6,0,9],[2,0,2,9],[17,1,17,7],[18,0,18,9],[28,1,28,7],[29,0,29,7]],"flags":["formulas_cached_only"]}
["580平灯光音响方案"]
["序号","设备名称","品牌","型号","技术参数","单位","数量","单价","小计","类似图"]
["一、扩声系统"]
[1,"15寸主音箱","YYAUDIO","YA15","频率响应   40Hz-18kHz\n单元组成   1×15\"(385mm)/3\" voice coil LF\n1×1\"(25mm)/1.7\" voice coil HF\n额定功率   400W RMS,1600W peak\n灵敏度   98dB 1watt/1 metre\n声压级   124dB continuous,130dB peak\n额定阻抗   8 ohms nominal\n指向性   80°x 50°\n分频点   2.2kHz passive\n输入方式   2×Speakon NL4\n包装尺寸   560mm×525mm×800mm\n净重   29.4 kg/pc","只",8,3400,27200]
[3,"单18寸低音音箱","YYAUDIO","YA18B","频率响应   35Hz-150Hz\n单元组成   1×18＂(460mm)/4＂voice coil LF\n额定功率   600W RMS,2400W peak\n灵敏度   100dB 1watt/1 metre\n声压级   128dB continuous,134 dB peak\n额定阻抗   8 ohms nominal\n输入方式   2×Speakon NL4\n包装尺寸   835mm×645mm×750mm\n净重   49.6 kg/pc","只",2,4280,8560]
[4,"返听音箱","YYAUDIO","YA12","频率响应   50Hz-18kHz\n单元组成   1×12\"(300mm)/3\" voice coil LF\n1×1\"(25mm)/1.7\" voice coil HF\n额定功率   300W RMS,1200W peak\n灵敏度   97dB 1watt/1 metre\n声压级   122dB continuous,128 dB peak\n额定阻抗   8 ohms nominal\n指向性   80°x 50°\n分频点   2kHz passive\n输入方式   2×Speakon NL4\n包装尺寸   480mm×465mm×725mm\n净重   20 kg/pc","只",2,2535,5070]
[5,"主扩功放","YYAUDIO","UA1600","700W×2/8Ω 1250W×2/4Ω\n频响：20Hz-20kHz(+0/-1dB)\n总谐波失真：≤0.15％\n信噪比：≥100dB\n阻尼系数：≥500\n转换速率：≥10V/μs\n输入灵敏度：0.775V/1.0V/32dB\n输入阻抗：20kΩ/10kΩ\n电压增益（8Ω时）：36.0dB\n功放拓扑类别：ClassD\n冷却：Air flow from front to  rear\n","台","4",3250,13000]
[7,"超低功放","YYAUDIO","UA2000","1000W×2/8Ω 1750W×2/4Ω\n频响：20Hz-20kHz(+0/-1dB)\n总谐波失真：≤0.15％\n信噪比：≥100dB\n阻尼系数：≥500\n转换速率：≥10V/μs\n输入灵敏度：0.775V/1.0V/32dB\n输入阻抗：20kΩ/10kΩ\n电压增益（8Ω时）：36.0dB\n功放拓扑类别：ClassD\n冷却：Air flow from front to  rear\n","台","1",4200,4200]
[8,"返听功放","YYAUDIO","UA1200","500W×2/8Ω  850W×2/4Ω\n频响：20Hz-20kHz(+0/-1dB)\n总谐波失真：≤0.15％\n信噪比：≥100dB\n阻尼系数：≥500\n转换速率：≥10V/μs\n输入灵敏度：0.775V/1.0V/32dB\n输入阻抗：20kΩ/10kΩ\n电压增益（8Ω时）：36.0dB\n功放拓扑类别：ClassD\n冷却：Air flow from front to  rear\n","台","1",2900,2900]
[9,"16路带效果调音台","YAMAHA","MG16XU","●便携式14路输入.\n●2个编组设有独立输出端，使连接更灵活.\n●7段均衡，内置16种DSP效果\n●单独+48v幻想电源开关\n●MP3大屏播放器（支持SD卡）\n●高品质USB音乐播放器.\n●设2个辅助发送，方便扩展设备.1个效果发送，1个返回.\n●60mm长寿命高分析推子.","台",1,2850,2850]
[10,"4进8出数字音频处理器","EQ Acoustics","Intelli-X48","32位DSP SHARC芯片处理，96kHz采样率，24bit AD/DA转换。\n>\n输入处理部分包含高切，低切，6个参量均衡，31段图示均 衡，噪声门，增益，静音，相位，延时，连动调节等处理功能。\n>\n输出处理部分包含分频，9个参量均衡，增益，静音，压缩器，限幅器，相位，延时，连动调节等处理单元。\n>\n所有通道的PEQ增益、带宽、频率连续可调，类型可选择: 参量均衡、低架滤波、高架滤波、低切滤波、高架滤波、移相1阶、移相2阶。\n>\n所有输入输出之间可以自由进行矩阵式分配，且每个输入输出通道名称可以更改。\n>\n所有输入输出通道带独立的相位曲线调整功能，在PEQ类型选择移相1阶是180度曲线调整，移相2阶是360度曲线调整。\n>\n所有高切、低切滤波器，分频器的类型可选择：巴特沃斯、林奎瑞利、贝塞尔，斜率在-6dB/Oct至-48dB/Oct可选。\n>\n输出通道的软压缩阀值，比率，启动时间，恢复时间连续可调。峰值限幅器的阀值，比率，启动时间，恢复时间连续可调。\n>\n所有输入输出通道的延时模块都具有高达680ms的延时时间。\n>\n任意通道之间参数设置可以自由复制，以及任意通道可以进行连动调节。\n>\n可在任意一个输入或输出通道时看到当前所有的输入或输出通道的PEQ曲线调整图。\n>\n内置测试信号发生器，输出方式可选粉红噪声，白噪声及20Hz-20kHz正弦波可调，信号幅度可调。\n>\n前面板带有输入输出电平指示灯、USB控制端口，后面板232 &485控制端口，以及以太网连接远程控制端口，一键式连机使得用户的操作更简易、快捷。\n>\n31个用户预设，整机状态和每个预设都可以单独存储和调用。Id设置功能可以级联控制255台机器，还具有密码保护功能，使设备更安全。\n","台",1,6620,6620]
[11,"一拖二无线手持话筒","BBS","BS-T6","接收机\n\n• 射频稳定度：±0.005%(-10℃～50℃)\n\n• 信号信噪比：>105dB(1KHz-A)\n\n• 较大偏移度：±3KHz\n\n• 综合T.H.D ：<0.5%@1KHz\n\n• 较大输出电压：12dBV～15dBv\n\n• 实用灵敏度输入：6dBuV--10dBuV时，S/N>80dB\n\n• 接收方式：CPU控制选讯+导频识别接收\n\n• 静音方式：Mute & Lock Loop Circuit\n\n• 显示方式：LCD\n\n• 电源供应：8V DC，1200mA\n\n• 音频输出阻抗：2.2KΩ\n\n• 音频输出接口：2 XLR Balanced Socket+Unbalance TRS 6.3mm Socket\n\n• 四级功率调节4级较大，其后每级递减4dB（-4 -8 -12）\n\n• 频率范围：745MHz--785MHz\n\n• 频道总数：500/1000\n\n• 频率响应：50Hz～18KHz\n\n• 有效使用距离：100 feet\n\n• 频率间隔：80/40\n\n• 频率宽度：40MHz\n\n• 频率振荡模式：PLL相位锁定频率合成\n\n发射机\n\n• 频率振荡模式：PLL相位锁定频率合成\n\n• 发射方式：CPU控制载波生成+导频识别码生成\n\n• 谐波辐射：<-60dBc\n\n• 较大偏移度：±3KHz\n\n• 较大输出音压：140dB SPL\n\n• 显示方式：LCD +多色彩背光屏\n\n• 音头：动圈式\n\n• 四级功率调节4级较大，其后每级递减4dB（-4 -8 -12）","套",2,1200,2400]
[12,"电源时序器","声准","1018B","空气开关输入接口，方便电力的接入和控制，满足感性负载，耐涌浪冲击；\n30A大电流控制继电器输出，多用途插座；\n标准USB接口灯具辅助照明配置\n待机、运行、全部旁通、单独通道旁通全功能；\n采用SMT、AI、ICT全自动生产和测试技术，保证标准化生产和产品的一致性；\n电力条件：单相3线\n电力线接入端口方式：单相两刀动力型空气开关\n时序通道数量：8通道可输出通道数\n输入最大电流容量：63A(AC220V)\n每通道最大输出电流容量：30A/60s或10Arms\n时序控制每步时间间隔：1sec\nUSB灯座最大输出电压/电流：5V/50mA\n \n功能与使用\n前面板指示功能 \n电源开、待机、运行、全部旁通、单独通道旁通\n前面板使用功能 \n时序电源开关、USB灯电源开关和接口、全部旁通选择、单独通道旁通选择、多功能电源插座\n后面板使用功能 \n接入电力总输入开关和接口、时序电源输出插座、联机输入输出插座\n保护功能 \n空气开关过流自动断路功能\n尺寸/重量 \n产品外形尺寸 (宽x 深x 高) (mm) \n483x26044.5(1U)\n外包装尺寸(宽x 深x 高) (mm) \n560425x80\n净重 \n5.2kg\n毛重 \n5.6kg\n电源 \nAC220V±10% 50~60Hz\n重量：7.3kg","台",2,650,1300]
[13,"接插件",null,null,"卡农线、接插件、音响头等","批",1,500,500]
[14,"网络机柜",null,null,"24U带操作台","台",1,null,null,"建议自备"]
[15,"控制台",null,null,"定制","套",1,null,0,"建议自备"]
[16,"音箱线",null,null,"2*3平方","米",200,8,1600]
[17,"合计",{"$nulls":6},76200]
["二、灯光系统"]
[1,"230W光束灯","KELEK","KA054"," 国际标准DMX512信号控制。\n·灯泡：欧司朗投影灯泡      功率：300W     光通量为59500lm，色温5600-8000K。\n·颜色盘:14+1个色片组成，\n·图案盘:17+1个图案效果。\n 可更换图案盘，高速摆动效果，一个雾化，一个八棱镜，可正反方向旋转\n 并具有棱镜定位功能。调焦，液晶显示屏。\n·采用光电复位系统，当偶然发生误动后，可自动检索复位。\n光学器件：组合式透镜，变焦0-3.9度， 电子聚焦20米处\n水平扫描：540度（16bit精度扫描）\n垂直扫描：280度（16bit精度扫描）\n尺寸：410mm*310mm*490mm\n包装尺寸：465mm*380mm*550mm\n净重：17Kg\n毛重：19.8Kg","台",4,3050,12200]
[2,"3W54颗LED帕灯","KELEK","KE046B","输入电压：AC90-245V/50-60 Hz 功率：180W\n光源：54颗3W灯珠（R12、G18、B18、W6）\n 光源寿命:6-10万小时 \n颜色:1670万种颜色变化 \nLED 角度：15℃，25℃，45℃（可供选择）\n控制:DMX512、主从控制、自走 通道: 4CH/8CH通道（数码显示）\n特征：电源、信号手拉手连接安装\n双支架提手，可自支撑，可悬挂\n分体设计，机身全铸铝，温度保护，安全可靠\n功能：可编制梦幻、混色、迷人的效果\n净重：2.5Kg   毛重：3Kg\n内包装尺寸：250mm*230mm*340mm\n外包装尺寸：250mm*250mm*360mm\n(四台一装）","台",20,500,10000]
[3,"100WLED面光灯","KELEK","KE153","光源：100W LED进口灯珠\n总功率：140W\n透镜角度：60°\n频闪：1-10次/每秒\n模式：DMX512，自走、主从\n通道：6个DMX通道\n操作非常简单，人性化设计，调光无闪烁、抖动现象等。可适应摄影，照相、电视台等对灯光要求严格的场合。\n尺寸：21.5*21.5*31CM\n净重：3KG","台",6,580,3480]
[4,"8路信号放大器","KELEK","KK013A","电压：220v\n信号：DMX512国际标准控制信号一进八出，采用采用最新光电隔离技术，达到国际先进水平，输入输出每路都是采用独立的变压器供电\n功能：DMX信号转接和放大功能\n适用3针或5针插头\n净重：1.6Kg\n毛重：1.8Kg\n产品尺寸：480*60*130mm\n包装尺寸：530*150*130mm","台",1,600,600]
[5,"阳光512控台","KELEK","KK005","电源:AC 100--240V  50--60Hz\nDMX512数码输出，512DMX控制通道\n2个光隔离独立驱动信号输出端口\n可控制32台16通道电脑灯\n1600个走灯程序步储存容量。48个走灯程序，每程序最多100步。每步速度、渐变参数独立设置。可选音乐同步或手动速率控制\n可同蠕动4个走灯程序、48个场景，并可同时对32台电脑灯进行探照灯操作。亲机数据保持DMX信号输出连接器;XLR-3F x 2\n可选配12V鹅劲工作灯\n尺寸：483mm x400mm x105mm","台",1,2200,2200]
[6,"信号线",{"$nulls":3},"米",100,5,500]
[7,"电源线",null,null,"4*3平方","米",100,5,500]
[8,"接插件",null,null,"灯钩、卡农头、木插等","批",1,500,500]
[9,"灯光桁架",{"$nulls":3},"批",1,null,0,"自备"]
[10,"    合计",{"$nulls":6},29980]
["总计",{"$nulls":7},106180,"以上报价不含税不含运费不含安装调试费，增值税加10%"]

{"sheet":"825平扩声方案","index":3,"n_rows":30,"n_cols":10,"rows_kept":30,"merged":[[0,0,0,5],[0,6,0,9],[2,0,2,9],[17,1,17,7],[18,0,18,9],[28,1,28,7],[29,0,29,7]],"flags":["formulas_cached_only"]}
["825平灯光音响方案"]
["序号","设备名称","品牌","型号","技术参数","单位","数量","单价","小计","类似图"]
["一、扩声系统"]
[1,"15寸主音箱","YYAUDIO","YA15","频率响应   40Hz-18kHz\n单元组成   1×15\"(385mm)/3\" voice coil LF\n1×1\"(25mm)/1.7\" voice coil HF\n额定功率   400W RMS,1600W peak\n灵敏度   98dB 1watt/1 metre\n声压级   124dB continuous,130dB peak\n额定阻抗   8 ohms nominal\n指向性   80°x 50°\n分频点   2.2kHz passive\n输入方式   2×Speakon NL4\n包装尺寸   560mm×525mm×800mm\n净重   29.4 kg/pc","只",10,3400,34000]
[3,"单18寸低音音箱","YYAUDIO","YA18B","频率响应   35Hz-150Hz\n单元组成   1×18＂(460mm)/4＂voice coil LF\n额定功率   600W RMS,2400W peak\n灵敏度   100dB 1watt/1 metre\n声压级   128dB continuous,134 dB peak\n额定阻抗   8 ohms nominal\n输入方式   2×Speakon NL4\n包装尺寸   835mm×645mm×750mm\n净重   49.6 kg/pc","只",2,4280,8560]
[4,"返听音箱","YYAUDIO","YA12","频率响应   50Hz-18kHz\n单元组成   1×12\"(300mm)/3\" voice coil LF\n1×1\"(25mm)/1.7\" voice coil HF\n额定功率   300W RMS,1200W peak\n灵敏度   97dB 1watt/1 metre\n声压级   122dB continuous,128 dB peak\n额定阻抗   8 ohms nominal\n指向性   80°x 50°\n分频点   2kHz passive\n输入方式   2×Speakon NL4\n包装尺寸   480mm×465mm×725mm\n净重   20 kg/pc","只",4,2535,10140]
[5,"主扩功放","YYAUDIO","UA1600","700W×2/8Ω 1250W×2/4Ω\n频响：20Hz-20kHz(+0/-1dB)\n总谐波失真：≤0.15％\n信噪比：≥100dB\n阻尼系数：≥500\n转换速率：≥10V/μs\n输入灵敏度：0.775V/1.0V/32dB\n输入阻抗：20kΩ/10kΩ\n电压增益（8Ω时）：36.0dB\n功放拓扑类别：ClassD\n冷却：Air flow from front to  rear\n","台","5",3250,16250]
[7,"超低功放","YYAUDIO","UA2000","1000W×2/8Ω 1750W×2/4Ω\n频响：20Hz-20kHz(+0/-1dB)\n总谐波失真：≤0.15％\n信噪比：≥100dB\n阻尼系数：≥500\n转换速率：≥10V/μs\n输入灵敏度：0.775V/1.0V/32dB\n输入阻抗：20kΩ/10kΩ\n电压增益（8Ω时）：36.0dB\n功放拓扑类别：ClassD\n冷却：Air flow from front to  rear\n","台","1",4200,4200]
[8,"返听功放","YYAUDIO","UA1200","500W×2/8Ω  850W×2/4Ω\n频响：20Hz-20kHz(+0/-1dB)\n总谐波失真：≤0.15％\n信噪比：≥100dB\n阻尼系数：≥500\n转换速率：≥10V/μs\n输入灵敏度：0.775V/1.0V/32dB\n输入阻抗：20kΩ/10kΩ\n电压增益（8Ω时）：36.0dB\n功放拓扑类别：ClassD\n冷却：Air flow from front to  rear\n","台","2",2900,5800]
[9,"22路带效果调音台","ALLEN&HEATH","ZED 22FX","ALLEN&HEATH  ZED 22FX\n\nALLEN&HEATH已有近40年设计和生产调音台的经验，因此我们知道好的调音台应该具备些什么特点——例如：完美的声音品质，坚实耐用的品质和独一无二的功能设计等等。我们把这些所有的原则和要求都规划进了ZED系列的设计图纸，为音乐人和音响工程师设计生产出集品质、音效和鲜明的个性为一体的ZED！\nZED-12FX是一款6单声+3双立体声道USB调音台，而ZED-22FX是一款16单声+3双立体声调音台，新品除保留了该系列其他型号的相同专业特性，还增加了室内设计特效的综合部分。\nAllen & Heath新型ZED FX调音台在单声通道上有反应灵敏的3段扫频式mid EQ，立体声通道上有2段EQ，100mm长冲程推子，4个辅助发送，一个USB发送和回传(适合PC或苹果机录音及回放)，独特双立体声输入功能和先进的监听功能。\n连接器放置在外部的顶端，方便插入和配线，单独电路板用螺帽固定到顶部面板的结构非常适合Allen & Heath专业便携式调音台。此外，ZED FX还配有新型高性能DuoPre无衰减器的前置放大器。\nZED的USB输出配置使得不同的信号从LR母带或辅助总线发向USB，USB以立体声回传信号。Cakewalk的SonAR LE音乐制作软件和调音台捆绑，使得用户能完成现场表演、现场录音、演播室录制或演播室混音等许多不同的任务。\n尺寸：(宽×高×长)450×98×645mm。\n重量：10.5kg。\n特点：\n● 6路麦克风/线路输入/16路麦克风/线路输入\n● DuoPre 麦克风前级放大器\n● 反应灵敏的3段均衡器，MusiQ中频扫频功能\n● 4路立体声线路信号输入带增益的2段均衡器\n● 4路辅助发送\n● 可选配机架安装配件，占11U空间(仅ZED14)\n● 100mm推子\n● 可选双信号源输入\n技术参数\n输入\n单声道(XLR)输入+6到-63dBu测试(+17dBu最大)\n单声道线路输入(插座)+10至-26dBu(+30dBu最大)\n外接口(TRS插座)0dBu测试+21dBu最大\n立体声输入(插座)0dBu测试(控制=关到+10dB)\n立体声输入(耳机插座)0dBu测试(控制=关到+10dB)\n输出\nL,R&单声道输出(L&R,XLR,单声道插座) 0dBu测试 +21dBu最大\n辅助输出(插座) 0dBu测试 +21dBu最大\n高音输出(耳机插座) 0dBu测试 +21dBu最大\n录音输出(耳机插座) 0dBu测试 +21dBu最大\n频率响应\n麦克风输入至混音L/R输出,30dB增益+0.5/-1dB 20Hz-20kHz\n线路输入至混音L/R输出,0dB增益+0.5/-1dB 10Hz-30kHz\n立体声输入至混音L/R输出,+0.5/-1dB 10Hz-30kHz\n总协波失真+n\n麦克风输入至混音L/R输出,0dB增益1kHz +10dBu输出0.004%\n麦克风输入至混音L/R输出,30dB增益1kHz 0.014%\n麦克风输入至混音L/R输出,0dB增益1kHz 0.005%\n麦克风输入至混音L/R输出,0dB增益1kHz 0.003%\n动态余量\n模拟净空测试结果(0Vu)21dB\nUSB输入&输出净空测试结果(0Vu)14dB\nUSB音频编码(编码/译码)\nUSB音频输入/输出USB1.1 Compliant 16bit\n取样率32,44.1,48kHz\n噪音\n话筒前置放大器@最大增益 150R输入Z 22-22kHz-127dBu\n混音LR输出,L/R推子=0.22-22kHz -88dBu(ZED-14)\n混音LR输出,L/R推子=0.22-22kHz -84dBu(ZED-24)","台","1",5400,5400]
[10,"4进8出数字音频处理器","EQ Acoustics","Intelli-X48","32位DSP SHARC芯片处理，96kHz采样率，24bit AD/DA转换。\n>\n输入处理部分包含高切，低切，6个参量均衡，31段图示均 衡，噪声门，增益，静音，相位，延时，连动调节等处理功能。\n>\n输出处理部分包含分频，9个参量均衡，增益，静音，压缩器，限幅器，相位，延时，连动调节等处理单元。\n>\n所有通道的PEQ增益、带宽、频率连续可调，类型可选择: 参量均衡、低架滤波、高架滤波、低切滤波、高架滤波、移相1阶、移相2阶。\n>\n所有输入输出之间可以自由进行矩阵式分配，且每个输入输出通道名称可以更改。\n>\n所有输入输出通道带独立的相位曲线调整功能，在PEQ类型选择移相1阶是180度曲线调整，移相2阶是360度曲线调整。\n>\n所有高切、低切滤波器，分频器的类型可选择：巴特沃斯、林奎瑞利、贝塞尔，斜率在-6dB/Oct至-48dB/Oct可选。\n>\n输出通道的软压缩阀值，比率，启动时间，恢复时间连续可调。峰值限幅器的阀值，比率，启动时间，恢复时间连续可调。\n>\n所有输入输出通道的延时模块都具有高达680ms的延时时间。\n>\n任意通道之间参数设置可以自由复制，以及任意通道可以进行连动调节。\n>\n可在任意一个输入或输出通道时看到当前所有的输入或输出通道的PEQ曲线调整图。\n>\n内置测试信号发生器，输出方式可选粉红噪声，白噪声及20Hz-20kHz正弦波可调，信号幅度可调。\n>\n前面板带有输入输出电平指示灯、USB控制端口，后面板232 &485控制端口，以及以太网连接远程控制端口，一键式连机使得用户的操作更简易、快捷。\n>\n31个用户预设，整机状态和每个预设都可以单独存储和调用。Id设置功能可以级联控制255台机器，还具有密码保护功能，使设备更安全。\n","台",1,6620,6620]
[11,"一拖二无线手持话筒","BBS","BS-T6","接收机\n\n• 射频稳定度：±0.005%(-10℃～50℃)\n\n• 信号信噪比：>105dB(1KHz-A)\n\n• 较大偏移度：±3KHz\n\n• 综合T.H.D ：<0.5%@1KHz\n\n• 较大输出电压：12dBV～15dBv\n\n• 实用灵敏度输入：6dBuV--10dBuV时，S/N>80dB\n\n• 接收方式：CPU控制选讯+导频识别接收\n\n• 静音方式：Mute & Lock Loop Circuit\n\n• 显示方式：LCD\n\n• 电源供应：8V DC，1200mA\n\n• 音频输出阻抗：2.2KΩ\n\n• 音频输出接口：2 XLR Balanced Socket+Unbalance TRS 6.3mm Socket\n\n• 四级功率调节4级较大，其后每级递减4dB（-4 -8 -12）\n\n• 频率范围：745MHz--785MHz\n\n• 频道总数：500/1000\n\n• 频率响应：50Hz～18KHz\n\n• 有效使用距离：100 feet\n\n• 频率间隔：80/40\n\n• 频率宽度：40MHz\n\n• 频率振荡模式：PLL相位锁定频率合成\n\n发射机\n\n• 频率振荡模式：PLL相位锁定频率合成\n\n• 发射方式：CPU控制载波生成+导频识别码生成\n\n• 谐波辐射：<-60dBc\n\n• 较大偏移度：±3KHz\n\n• 较大输出音压：140dB SPL\n\n• 显示方式：LCD +多色彩背光屏\n\n• 音头：动圈式\n\n• 四级功率调节4级较大，其后每级递减4dB（-4 -8 -12）","套",2,1200,2400]
[12,"电源时序器","声准","1018B","空气开关输入接口，方便电力的接入和控制，满足感性负载，耐涌浪冲击；\n30A大电流控制继电器输出，多用途插座；\n标准USB接口灯具辅助照明配置\n待机、运行、全部旁通、单独通道旁通全功能；\n采用SMT、AI、ICT全自动生产和测试技术，保证标准化生产和产品的一致性；\n电力条件：单相3线\n电力线接入端口方式：单相两刀动力型空气开关\n时序通道数量：8通道可输出通道数\n输入最大电流容量：63A(AC220V)\n每通道最大输出电流容量：30A/60s或10Arms\n时序控制每步时间间隔：1sec\nUSB灯座最大输出电压/电流：5V/50mA\n \n功能与使用\n前面板指示功能 \n电源开、待机、运行、全部旁通、单独通道旁通\n前面板使用功能 \n时序电源开关、USB灯电源开关和接口、全部旁通选择、单独通道旁通选择、多功能电源插座\n后面板使用功能 \n接入电力总输入开关和接口、时序电源输出插座、联机输入输出插座\n保护功能 \n空气开关过流自动断路功能\n尺寸/重量 \n产品外形尺寸 (宽x 深x 高) (mm) \n483x26044.5(1U)\n外包装尺寸(宽x 深x 高) (mm) \n560425x80\n净重 \n5.2kg\n毛重 \n5.6kg\n电源 \nAC220V±10% 50~60Hz\n重量：7.3kg","台",2,650,1300]
[13,"接插件",null,null,"卡农线、接插件、音响头等","批",1,500,500]
[14,"网络机柜",null,null,"24U","台",1,null,null,"建议自备"]
[15,"控制台",null,null,"定制","套",1,null,0,"建议自备"]
[16,"音箱线",null,null,"2*3平方","米",200,8,1600]
[17,"合计",{"$nulls":6},96770]
["二、灯光系统"]
[1,"230W光束灯","KELEK","KA054"," 国际标准DMX512信号控制。\n·灯泡：欧司朗投影灯泡      功率：300W     光通量为59500lm，色温5600-8000K。\n·颜色盘:14+1个色片组成，\n·图案盘:17+1个图案效果。\n 可更换图案盘，高速摆动效果，一个雾化，一个八棱镜，可正反方向旋转\n 并具有棱镜定位功能。调焦，液晶显示屏。\n·采用光电复位系统，当偶然发生误动后，可自动检索复位。\n光学器件：组合式透镜，变焦0-3.9度， 电子聚焦20米处\n水平扫描：540度（16bit精度扫描）\n垂直扫描：280度（16bit精度扫描）\n尺寸：410mm*310mm*490mm\n包装尺寸：465mm*380mm*550mm\n净重：17Kg\n毛重：19.8Kg","台",6,3050,18300]
[2,"3W54颗LED帕灯","KELEK","KE046B","输入电压：AC90-245V/50-60 Hz 功率：180W\n光源：54颗3W灯珠（R12、G18、B18、W6）\n 光源寿命:6-10万小时 \n颜色:1670万种颜色变化 \nLED 角度：15℃，25℃，45℃（可供选择）\n控制:DMX512、主从控制、自走 通道: 4CH/8CH通道（数码显示）\n特征：电源、信号手拉手连接安装\n双支架提手，可自支撑，可悬挂\n分体设计，机身全铸铝，温度保护，安全可靠\n功能：可编制梦幻、混色、迷人的效果\n净重：2.5Kg   毛重：3Kg\n内包装尺寸：250mm*230mm*340mm\n外包装尺寸：250mm*250mm*360mm\n(四台一装）","台",20,500,10000]
[3,"100WLED面光灯","KELEK","KE153","光源：100W LED进口灯珠\n总功率：140W\n透镜角度：60°\n频闪：1-10次/每秒\n模式：DMX512，自走、主从\n通道：6个DMX通道\n操作非常简单，人性化设计，调光无闪烁、抖动现象等。可适应摄影，照相、电视台等对灯光要求严格的场合。\n尺寸：21.5*21.5*31CM\n净重：3KG","台",8,580,4640]
[4,"8路信号放大器","KELEK","KK013A","电压：220v\n信号：DMX512国际标准控制信号一进八出，采用采用最新光电隔离技术，达到国际先进水平，输入输出每路都是采用独立的变压器供电\n功能：DMX信号转接和放大功能\n适用3针或5针插头\n净重：1.6Kg\n毛重：1.8Kg\n产品尺寸：480*60*130mm\n包装尺寸：530*150*130mm","台",1,600,600]
[5,"阳光512控台","KELEK","KK005","电源:AC 100--240V  50--60Hz\nDMX512数码输出，512DMX控制通道\n2个光隔离独立驱动信号输出端口\n可控制32台16通道电脑灯\n1600个走灯程序步储存容量。48个走灯程序，每程序最多100步。每步速度、渐变参数独立设置。可选音乐同步或手动速率控制\n可同蠕动4个走灯程序、48个场景，并可同时对32台电脑灯进行探照灯操作。亲机数据保持DMX信号输出连接器;XLR-3F x 2\n可选配12V鹅劲工作灯\n尺寸：483mm x400mm x105mm","台",1,2200,2200]
[6,"信号线",{"$nulls":3},"米",100,5,500]
[7,"电源线",null,null,"4*3平方","米",100,5,500]
[8,"接插件",null,null,"灯钩、卡农头、木插等","批",1,500,500]
[9,"灯光桁架",{"$nulls":3},"批",1,null,0,"自备"]
[10,"    合计",{"$nulls":6},37240]
["总计",{"$nulls":7},134010,"以上报价不含税不含运费不含安装调试费，增值税加10%"]